| 000 -LEADER |
| fixed length control field |
01078nam a22002537a 4500 |
| 003 - CONTROL NUMBER IDENTIFIER |
| control field |
OSt |
| 005 - DATE AND TIME OF LATEST TRANSACTION |
| control field |
20190819135841.0 |
| 008 - FIXED-LENGTH DATA ELEMENTS--GENERAL INFORMATION |
| fixed length control field |
190819b ||||| |||| 00| 0 eng d |
| 082 ## - DEWEY DECIMAL CLASSIFICATION NUMBER |
| Classification number |
T 616.075 P433e 2018 |
| 100 ## - ASIENTO PRINCIPAL -- NOMBRE PERSONAL |
| 9 (RLIN) |
1014 |
| Personal name |
Perdomo Brito, María Antonia |
| 245 ## - TÍTULO PROPIAMENTE DICHO: SUBTÍTULO |
| Title |
Evaluación de un sistema de gestión de calidad basado en las normas de la ISO 9001-2015 laboratorios clínicos de San Pedro de Macorís, República Dominicana enero - junio 2018 / |
| Mención de responsabilidad |
María Antonia Perdomo Brito, Jamil Susana Mercedes Stein; asesora Juana Caines |
| 260 ## - PUBLICATION, DISTRIBUTION, ETC. |
| Place of publication, distribution, etc. |
San Pedro de Macorís: |
| Name of publisher, distributor, etc. |
Universidad Central del Este |
| 300 ## - PHYSICAL DESCRIPTION |
| Extensión |
1v. (en varias numeraciones) |
| 502 ## - THESIS NOTE |
| Dissertation note |
Tesis (Licenciado en Bioanálisis)-- Universidad Central del Este, 2018 |
| 504 ## - BIBLIOGRAPHY, ETC. NOTE |
| Bibliography, etc. note |
Incluye bibliografía, índice y anexos |
| 650 ## - ASIENTO SECUNDARIO DE MATERIA -- TERMINO TOPICO |
| Asiento secundario de materia |
Laboratorios clínicos - Normas |
| 650 ## - ASIENTO SECUNDARIO DE MATERIA -- TERMINO TOPICO |
| Asiento secundario de materia |
Control de calidad |
| 650 ## - ASIENTO SECUNDARIO DE MATERIA -- TERMINO TOPICO |
| Asiento secundario de materia |
Norma ISO |
| 650 ## - ASIENTO SECUNDARIO DE MATERIA -- TERMINO TOPICO |
| Asiento secundario de materia |
Tesis y disertaciones académicas |
| 650 ## - ASIENTO SECUNDARIO DE MATERIA -- TERMINO TOPICO |
| Asiento secundario de materia |
TC 6203 |
| 700 ## - ASIENTO SECUNDARIO -- NOMBRE PERSONAL |
| Personal name |
Mercedes Stein, Jamil Susana |
| 700 ## - ASIENTO SECUNDARIO -- NOMBRE PERSONAL |
| Personal name |
Caines, Juana, asesora |
| 942 ## - ADDED ENTRY ELEMENTS (KOHA) |
| Source of classification or shelving scheme |
|
| Koha item type |
Tesis |